Countries named in the song: we didn't start the fire - Statistics

General Stats
  • This quiz has been taken 61 times
  • The average score is 7 of 11
Answer Stats
Answer % Correct
China
92%
Russia
90%
North korea
68%
Afghanistan
66%
South korea
64%
England
62%
Iran
58%
Congo
56%
Belgium
46%
Palestine
36%
Lebanon
30%
No matching quizzes found
Score Distribution
Percent of People with Each Score
Percentile by Number Answered
Your Score History
You have not taken this quiz